00797cam a2200253 i 4500001000300000003000900003005001700012008003900029020001500068040004200083041000700125080001700132080001000149080001200159100002500171245004600196260006300242300004200305504002600347655003000373650002300403650001900426856009800445bgKOSZ 00520191028151743.0001010s1979 pl f f |000 0 pol a8301009128 cKOSZ 005/HRaKOSZ 005/HRdKOSZ 005/HR0 apl a669.017/.018 a620.1 a(075.8)1 aWoźniacki, Antoni.10aMateriałoznawstwo /cAntoni Woźniacki. aWarszawa ;aKraków :bPaństwowe Wydaw. Naukowe,c1979. a429 s. :bfot., rys., wykr. ;c24 cm. aBibliogr. s. 425-429. aPodręczniki akademickie 4aMateriałoznawstwo 9aMetaloznawstwo uhttp://koha.tu.koszalin.pl/cgi-bin/koha/opac-detail.pl?biblionumber=32035yKatalog online BPK